书目信息 |
| 题名: |
41种生物化学产品生产技术
|
|
| 作者: | 陈来同 , 唐运 编著 | |
| 分册: | ||
| 出版信息: | 北京 金盾出版社 1994.10 |
|
| 页数: | 329页 | |
| 开本: | 32开 | |
| 丛书名: | ||
| 单 册: | ||
| 中图分类: | TQ464.8 | |
| 科图分类: | ||
| 主题词: | 药物:生物制品--制造 | |
| 电子资源: | ||
| ISBN: | 7-80022-865-7 | |
| 000 | 00637nam0 2200205 45 | |
| 001 | 0008041113 | |
| 005 | 20000804112536.9 | |
| 010 | @a7-80022-865-7@d9.00元 | |
| 100 | @a20000804d1994 km y0chiy0120 ea | |
| 101 | 0 | @achi |
| 105 | @a z 000yy | |
| 200 | 1 | @a41种生物化学产品生产技术@A41 Zhong Sheng Wu Hua Xue Chan Pin Sheng Chan Ji Shu@f陈来同,唐运编著@FChen Lai Tong,Tang Yun Bian Zhu |
| 210 | @a北京@c金盾出版社@d1994.10 | |
| 215 | @a329页@d32开 | |
| 606 | 0 | @a药物:生物制品@x制造 |
| 690 | @aTQ464.8@v3 | |
| 701 | 0 | @a陈来同@4编著 |
| 701 | 0 | @a唐运@4编著 |
| 801 | @aCN@bPftUser@c20000804 | |
| 905 | @b86832-836@dTQ464.8@eCH839@f5 | |
| 41种生物化学产品生产技术/陈来同,唐运编著.-北京:金盾出版社,1994.10 |
| 329页;32开 |
| ISBN 7-80022-865-7:9.00元 |
| ● |
| 相关链接 |
|
|
|
正题名:41种生物化学产品生产技术
索取号:TQ464.8/CH839
 
预约/预借
| 序号 | 登录号 | 条形码 | 馆藏地/架位号 | 状态 | 备注 |
| 1 | 86832 | 200868329 | 自科库501/501自科库 70排1列4层/ [索取号:TQ464.8/CH839] | 在馆 | |
| 2 | 86833 | 200868338 | 期刊室512/501自科库 70排1列4层/ [索取号:TQ464.8/CH839] | 在馆 | |
| 3 | 86834 | 200868347 | 期刊室512/501自科库 70排1列4层/ [索取号:TQ464.8/CH839] | 在馆 | |
| 4 | 86835 | 200868356 | 自科库501/501自科库 70排1列4层/ [索取号:TQ464.8/CH839] | 在馆 | |
| 5 | 86836 | 200868365 | 期刊室512/501自科库 70排1列4层/ [索取号:TQ464.8/CH839] | 在馆 |